000 00513nam a22001697a 4500
005 20251108164024.0
008 250721s1982 xx 000 0 ara d
082 1 4 _a216.9261/ملح
100 1 _aملحم، أحمد سالم
245 1 0 _aإعادة التأمين /
264 1 _aبغداد :
_bمطبعة المعارف،
_c1982.
300 _a304ص : مراجع
500 _aرسالة دكتوراه أجيزت بدرجة جيد جداً
650 1 7 _aالتأمين
942 _2ddc
_cBK
999 _c1647
_d1647